000 00499cam a22001934a 4500
005 20250605164159.0
008 250528s ||||||||||||||||||||||||d
035 _a19724
020 _a9604180320
040 _aGR-AtMCL
_bgre
_dGR-AtMCL
_eAACR2
245 1 _aΗΛΕΚΤΡΙΚΑ ΚΥΚΛΩΜΑΤΑ ΤΟΜΟΣ Β
250 _a1
260 _bΤζιολας,
_c2004
300 _a440
700 1 _aΜαργαρης Νικος Ι
_95924
942 _cBK
999 _c4980
_d4980